000 00339 a2200157 4500
001 161616
020 _a85-305-0123-3
040 _cMagnum
100 _aAguiar, Luiz Antonio
240 1 0 _aDemétrio, o tímido
_lpor
245 1 0 _aDemétrio, o tímido
300 _a62
362 0 _a1997
697 _aLITERATURA JUVENIL
942 _cBK
999 _c161616
_d161616